[Event "DVM U14w 2018"]
[Site "Neumünster GER"]
[Date "2018.12.27"]
[Round "1"]
[White "Krömer, Paulina"]
[Black "Dietz, Kristin"]
[Result "0-1"]
[Termination "normal"]
[Board "1.1"]
[WhiteElo "1525"]
[BlackElo "1735"]
[WhiteClock "00:00:35"]
[BlackClock "00:01:09"]
[WhiteTeam "SG Blau-Weiß Stadtilm"]
[BlackTeam "USV Halle"]
[PlyCount "70"]
[WhiteFideId "16212363"]
[BlackFideId "12993743"]
[EventCountry "GER"]
[EventRounds "7"]
[EventType "team-swiss"]
[EventDate "2018.12.26"]

1. d4 {[%emt 0:00:02]} Nf6 {[%emt 0:00:12]} 2. c4 {[%emt 0:00:24]} c5 {[%emt 0:
00:06]} 3. d5 {[%emt 0:00:18]} b5 {[%emt 0:00:08]} 4. e3 {[%emt 0:00:43]} e6 {
[%emt 0:01:34]} 5. f3 {[%emt 0:28:56]} bxc4 {[%emt 0:12:21]} 6. Bxc4 {[%emt 0:
00:51]} Bb7 {[%emt 0:03:10]} 7. e4 {[%emt 0:06:46]} Nxe4 {[%emt 0:20:21]} 8.
Nh3 {[%emt 0:02:06]} Nd6 {[%emt 0:06:57]} 9. Bb3 {[%emt 0:13:29]} Be7 {[%emt 0:
01:46]} 10. Nc3 {[%emt 0:02:37]} Na6 {[%emt 0:03:06]} 11. O-O {[%emt 0:02:19]}
O-O {[%emt 0:06:56]} 12. Bf4 {[%emt 0:14:00]} Nf5 {[%emt 0:05:48]} 13. Ne4 {
[%emt 0:10:26]} Qb6 {[%emt 0:10:01]} 14. Kh1 {[%emt 0:05:29]} Nd4 {[%emt 0:03:
55]} 15. Qe1 {[%emt 0:03:48]} exd5 {[%emt 0:02:19]} 16. Ng3 {[%emt 0:01:12]}
Bh4 {[%emt 0:01:53]} 17. Qd2 {[%emt 0:01:59]} Qb4 {[%emt 0:01:55]} 18. Qd1 {
[%emt 0:01:45]} Rae8 {[%emt 0:04:01]} 19. Bd6 {[%emt 0:00:16]} Be7 {[%emt 0:01:
29]} 20. Be5 {[%emt 0:00:28]} Bh4 {[%emt 0:04:00]} 21. Bd6 {[%emt 0:00:06]}
Bxg3 {[%emt 0:02:29]} 22. hxg3 {[%emt 0:00:05]} Nf5 {[%emt 0:02:43]} 23. Bf4 {
[%emt 0:01:47]} Qd4 {[%emt 0:01:41]} 24. g4 {[%emt 0:00:37]} Qxd1 {[%emt 0:00:
18]} 25. Raxd1 {[%emt 0:00:01]} Ne3 {[%emt 0:00:20]} 26. Bxe3 {[%emt 0:00:06]}
Rxe3 {[%emt 0:00:08]} 27. Bxd5 {[%emt 0:00:04]} Bxd5 {[%emt 0:00:17]} 28. Rxd5
{[%emt 0:00:05]} Rd8 {[%emt 0:00:23]} 29. Rfd1 {[%emt 0:00:04]} Re7 {[%emt 0:
00:55]} 30. Rd6 {[%emt 0:00:58]} Nb4 {[%emt 0:01:42]} 31. Ng5 {[%emt 0:01:20]}
Nc2 {[%emt 0:01:00]} 32. Ne4 {[%emt 0:00:37]} Ne3 {[%emt 0:00:34]} 33. Rc1 {
[%emt 0:00:12]} c4 {[%emt 0:00:36]} 34. Nc3 {[%emt 0:02:43]} Re6 {[%emt 0:00:
49]} 35. Rd4 {[%emt 0:00:54]} d5 {[%emt 0:00:50]} 0-1

[Event "DVM U14w 2018"]
[Site "Neumünster GER"]
[Date "2018.12.27"]
[Round "1"]
[White "Stowicek, Yara Mathilda"]
[Black "Schmidt, Pauline"]
[Result "1/2-1/2"]
[Termination "normal"]
[Board "1.2"]
[WhiteElo "1651"]
[BlackElo "1504"]
[WhiteClock "00:46:56"]
[BlackClock "00:18:19"]
[WhiteTeam "USV Halle"]
[BlackTeam "SG Blau-Weiß Stadtilm"]
[PlyCount "57"]
[WhiteFideId "16203569"]
[BlackFideId "16209850"]
[EventCountry "GER"]
[EventRounds "7"]
[EventType "team-swiss"]
[EventDate "2018.12.26"]

1. e4 {[%emt 0:00:03]} c5 {[%emt 0:00:06]} 2. d4 {[%emt 0:00:05]} cxd4 { [%emt
0:01:42]} 3. c3 {[%emt 0:00:07]} Nf6 {[%emt 0:01:28]} 4. e5 {[%emt 0:00: 14]}
Nd5 {[%emt 0:00:10]} 5. Qxd4 {[%emt 0:00:10]} e6 {[%emt 0:00:11]} 6. Nf3 {
[%emt 0:00:16]} Nc6 {[%emt 0:00:36]} 7. Qe4 {[%emt 0:00:18]} f5 {[%emt 0:00:19]
} 8. Qe2 {[%emt 0:00:14]} b6 {[%emt 0:00:50]} 9. g3 {[%emt 0:00:26]} Be7 {
[%emt 0:01:23]} 10. Bg2 {[%emt 0:00:22]} O-O {[%emt 0:00:15]} 11. O-O {[%emt 0:
00:51]} g5 {[%emt 0:01:11]} 12. Nd4 {[%emt 0:05:36]} Qe8 {[%emt 0:11:11]} 13.
Bxd5 {[%emt 0:05:22]} exd5 {[%emt 0:01:08]} 14. f4 {[%emt 0:04:13]} g4 { [%emt
0:14:33]} 15. Nd2 {[%emt 0:02:16]} Bc5 {[%emt 0:11:30]} 16. N2b3 { [%emt
0:01:51]} Bxd4+ {[%emt 0:01:34]} 17. Nxd4 {[%emt 0:00:25]} Nxd4 {[%emt 0:
00:46]} 18. cxd4 {[%emt 0:00:05]} Qe6 {[%emt 0:04:59]} 19. Bd2 {[%emt 0:02:40]}
a5 {[%emt 0:06:31]} 20. Rfc1 {[%emt 0:03:29]} Ba6 {[%emt 0:02:33]} 21. Qe3 {
[%emt 0:01:48]} Rfc8 {[%emt 0:02:23]} 22. Rc3 {[%emt 0:12:25]} Rxc3 {[%emt 0:
05:00]} 23. Bxc3 {[%emt 0:00:29]} Rc8 {[%emt 0:02:23]} 24. Rc1 {[%emt 0:00:42]}
Kf7 {[%emt 0:03:17]} 25. b4 {[%emt 0:06:54]} axb4 {[%emt 0:03:25]} 26. Bxb4 {
[%emt 0:01:01]} Ra8 {[%emt 0:02:56]} 27. Bd6 {[%emt 0:02:39]} Bc4 {[%emt 0:02:
45]} 28. a3 {[%emt 0:01:03]} b5 {[%emt 0:01:15]} 29. Rb1 {[%emt 0:01:50]}
1/2-1/2

[Event "DVM U14w 2018"]
[Site "Neumünster GER"]
[Date "2018.12.27"]
[Round "1"]
[White "Pflugradt, Natalie"]
[Black "Fritsch, Lea"]
[Result "1/2-1/2"]
[Termination "normal"]
[Board "1.3"]
[WhiteElo "1472"]
[BlackElo "1606"]
[WhiteClock "00:28:12"]
[BlackClock "00:24:54"]
[WhiteTeam "SG Blau-Weiß Stadtilm"]
[BlackTeam "USV Halle"]
[PlyCount "95"]
[WhiteFideId "16212444"]
[BlackFideId "16212436"]
[EventCountry "GER"]
[EventRounds "7"]
[EventType "team-swiss"]
[EventDate "2018.12.26"]

1. e4 {[%emt 0:00:04]} c5 {[%emt 0:00:07]} 2. Nc3 {[%emt 0:00:08]} Nc6 { [%emt
0:00:10]} 3. Bb5 {[%emt 0:00:20]} Nf6 {[%emt 0:02:19]} 4. Bxc6 {[%emt 0:
02:46]} bxc6 {[%emt 0:00:22]} 5. f4 {[%emt 0:06:04]} d6 {[%emt 0:19:55]} 6. h3
{[%emt 0:10:34]} g6 {[%emt 0:07:26]} 7. d3 {[%emt 0:06:43]} Bg7 {[%emt 0:00:24]
} 8. Nge2 {[%emt 0:01:41]} Rb8 {[%emt 0:02:11]} 9. O-O {[%emt 0:06:51]} O-O {
[%emt 0:02:46]} 10. Qe1 {[%emt 0:05:21]} Bd7 {[%emt 0:04:07]} 11. Ng3 {[%emt 0:
08:10]} Qc8 {[%emt 0:04:14]} 12. f5 {[%emt 0:06:45]} Qc7 {[%emt 0:07:30]} 13.
Rb1 {[%emt 0:05:29]} Rbe8 {[%emt 0:08:17]} 14. Nd1 {[%emt 0:03:02]} e6 { [%emt
0:04:36]} 15. Qf2 {[%emt 0:04:55]} exf5 {[%emt 0:01:46]} 16. exf5 { [%emt
0:00:43]} Nd5 {[%emt 0:03:00]} 17. c3 {[%emt 0:03:44]} Qd8 {[%emt 0:02: 38]}
18. Kh1 {[%emt 0:05:24]} Bc8 {[%emt 0:05:52]} 19. Bd2 {[%emt 0:06:11]} Ba6
{[%emt 0:03:56]} 20. c4 {[%emt 0:01:07]} Nb6 {[%emt 0:02:49]} 21. f6 {[%emt 0:
00:44]} Bh8 {[%emt 0:03:23]} 22. Bh6 {[%emt 0:02:42]} Re6 {[%emt 0:02:32]} 23.
Bxf8 {[%emt 0:02:37]} Rxf6 {[%emt 0:01:52]} 24. Qd2 {[%emt 0:01:17]} Qxf8 {
[%emt 0:00:38]} 25. Rxf6 {[%emt 0:00:20]} Bxf6 {[%emt 0:00:09]} 26. Nc3 { [%emt
0:00:51]} Be5 {[%emt 0:00:59]} 27. Nge4 {[%emt 0:01:22]} Bc8 {[%emt 0:02: 16]}
28. Rf1 {[%emt 0:00:30]} Qg7 {[%emt 0:01:35]} 29. Qg5 {[%emt 0:01:12]} Bf5
{[%emt 0:01:40]} 30. Qd8+ {[%emt 0:01:09]} Qf8 {[%emt 0:00:17]} 31. Qxf8+ {
[%emt 0:00:17]} Kxf8 {[%emt 0:00:04]} 32. g4 {[%emt 0:00:11]} Bd7 {[%emt 0:00:
50]} 33. Nf6 {[%emt 0:00:46]} Bxf6 {[%emt 0:00:51]} 34. Rxf6 {[%emt 0:00:05]}
Ke7 {[%emt 0:00:03]} 35. Rf2 {[%emt 0:00:16]} f5 {[%emt 0:00:11]} 36. g5 {
[%emt 0:00:23]} d5 {[%emt 0:01:29]} 37. b3 {[%emt 0:00:56]} d4 {[%emt 0:01:05]}
38. Re2+ {[%emt 0:00:56]} Kd6 {[%emt 0:00:23]} 39. Nb1 {[%emt 0:00:23]} Be6 {
[%emt 0:00:52]} 40. Nd2 {[%emt 0:00:24]} Nd7 {[%emt 0:00:24]} 41. Nf3 {[%emt 0:
00:36]} Nb6 {[%emt 0:03:56]} 42. Kh2 {[%emt 0:01:06]} a5 {[%emt 0:01:20]} 43.
Kg3 {[%emt 0:02:22]} Na8 {[%emt 0:01:46]} 44. Ne5 {[%emt 0:01:33]} Nc7 { [%emt
0:00:39]} 45. Kf4 {[%emt 0:00:31]} Bg8 {[%emt 0:00:56]} 46. h4 {[%emt 0:
01:39]} Ne6+ {[%emt 0:01:30]} 47. Kf3 {[%emt 0:00:29]} Ng7 {[%emt 0:02:39]} 48.
Kf2 {[%emt 0:05:01] Kxe5 [%emt 00:00:42]} 1/2-1/2

[Event "DVM U14w 2018"]
[Site "Neumünster GER"]
[Date "2018.12.27"]
[Round "1"]
[White "Voigt, Anastasia"]
[Black "Stephan, Lia"]
[Result "1-0"]
[Termination "normal"]
[Board "1.4"]
[WhiteElo "1421"]
[BlackElo "1098"]
[WhiteClock "00:54:56"]
[BlackClock "00:16:49"]
[WhiteTeam "USV Halle"]
[BlackTeam "SG Blau-Weiß Stadtilm"]
[PlyCount "49"]
[WhiteFideId "16235223"]
[BlackFideId "16230116"]
[EventCountry "GER"]
[EventRounds "7"]
[EventType "team-swiss"]
[EventDate "2018.12.26"]

1. e4 {[%emt 0:00:01]} e5 {[%emt 0:00:13]} 2. Nf3 {[%emt 0:00:07]} Nc6 { [%emt
0:00:27]} 3. Bc4 {[%emt 0:00:06]} Bc5 {[%emt 0:00:34]} 4. c3 {[%emt 0:00: 08]}
Nf6 {[%emt 0:00:12]} 5. d4 {[%emt 0:00:54]} exd4 {[%emt 0:01:00]} 6. cxd4
{[%emt 0:00:11]} Bb4+ {[%emt 0:01:12]} 7. Bd2 {[%emt 0:01:24]} Bxd2+ {[%emt 0:
02:38]} 8. Nbxd2 {[%emt 0:00:10]} d5 {[%emt 0:01:51]} 9. exd5 {[%emt 0:00:43]}
Nxd5 {[%emt 0:01:05]} 10. O-O {[%emt 0:04:24]} O-O {[%emt 0:13:38]} 11. Nb3 {
[%emt 0:02:57]} b6 {[%emt 0:11:59]} 12. Re1 {[%emt 0:04:05]} Be6 {[%emt 0:05:
51]} 13. Ne5 {[%emt 0:06:05]} Nxe5 {[%emt 0:05:51]} 14. dxe5 {[%emt 0:01:08]}
c6 {[%emt 0:00:20]} 15. Rc1 {[%emt 0:01:58]} b5 {[%emt 0:07:38]} 16. Be2 {
[%emt 0:05:13]} f6 {[%emt 0:03:18]} 17. Rxc6 {[%emt 0:05:37]} Nf4 {[%emt 0:13:
25]} 18. Qxd8 {[%emt 0:07:35]} Raxd8 {[%emt 0:00:54]} 19. Bxb5 {[%emt 0:01:26]}
Bxb3 {[%emt 0:02:48]} 20. axb3 {[%emt 0:00:31]} Rd5 {[%emt 0:01:09]} 21. Bc4 {
[%emt 0:00:17]} Kh8 {[%emt 0:03:06]} 22. Bxd5 {[%emt 0:00:31]} Nxd5 {[%emt 0:
00:19]} 23. e6 {[%emt 0:00:42]} Ne7 {[%emt 0:01:48]} 24. Rc7 {[%emt 0:00:21]}
Re8 {[%emt 0:04:38]} 25. Rxa7 {[%emt 0:01:17]} 1-0

[Event "DVM U14w 2018"]
[Site "Neumünster GER"]
[Date "2018.12.27"]
[Round "1"]
[White "Ziegenfuß, Antonia"]
[Black "Becker, Linda"]
[Result "0-1"]
[Termination "normal"]
[Board "2.1"]
[WhiteElo "1949"]
[BlackElo "1436"]
[WhiteClock "00:11:02"]
[BlackClock "00:52:09"]
[WhiteTeam "OSG Baden-Baden"]
[BlackTeam "SG Porz"]
[PlyCount "108"]
[WhiteFideId "12962554"]
[BlackFideId "16244753"]
[EventCountry "GER"]
[EventRounds "7"]
[EventType "team-swiss"]
[EventDate "2018.12.26"]

1. d4 {[%emt 0:00:03]} e6 {[%emt 0:00:05]} 2. c4 {[%emt 0:00:06]} d5 {[%emt 0:
00:05]} 3. Nc3 {[%emt 0:00:05]} Nf6 {[%emt 0:00:11]} 4. cxd5 {[%emt 0:00:11]}
exd5 {[%emt 0:00:08]} 5. Bg5 {[%emt 0:00:16]} h6 {[%emt 0:00:19]} 6. Bxf6 {
[%emt 0:05:26]} Qxf6 {[%emt 0:00:10]} 7. Nxd5 {[%emt 0:04:02]} Qd8 {[%emt 0:01:
38]} 8. Nc3 {[%emt 0:02:08]} Bd6 {[%emt 0:02:07]} 9. e3 {[%emt 0:02:18]} O-O {
[%emt 0:01:18]} 10. Nf3 {[%emt 0:01:58]} b6 {[%emt 0:01:28]} 11. Bd3 {[%emt 0:
02:34]} Bb7 {[%emt 0:01:10]} 12. O-O {[%emt 0:01:05]} Re8 {[%emt 0:02:14]} 13.
Nb5 {[%emt 0:09:59]} Bf8 {[%emt 0:03:57]} 14. Rc1 {[%emt 0:06:23]} c6 {[%emt 0:
04:33]} 15. Nc3 {[%emt 0:01:23]} Nd7 {[%emt 0:00:52]} 16. Bf5 {[%emt 0:13:24]}
Bd6 {[%emt 0:04:32]} 17. Ne4 {[%emt 0:07:49]} Bc7 {[%emt 0:01:04]} 18. Ng3 {
[%emt 0:01:05]} Nf6 {[%emt 0:04:21]} 19. Bc2 {[%emt 0:03:35]} Qd7 {[%emt 0:03:
33]} 20. Nh4 {[%emt 0:04:27]} Rad8 {[%emt 0:07:56]} 21. Nh5 {[%emt 0:06:21]}
Ne4 {[%emt 0:06:31]} 22. Qf3 {[%emt 0:09:41]} Nd2 {[%emt 0:05:31]} 23. Qf5 {
[%emt 0:00:24]} Qxf5 {[%emt 0:01:13]} 24. Nxf5 {[%emt 0:00:14]} Nxf1 {[%emt 0:
00:16]} 25. Rxf1 {[%emt 0:02:36]} Rd5 {[%emt 0:10:30]} 26. Nhxg7 {[%emt 0:03:
42]} Red8 {[%emt 0:02:09]} 27. Nh5 {[%emt 0:00:50]} Kf8 {[%emt 0:01:34]} 28.
Nf6 {[%emt 0:01:26]} Ra5 {[%emt 0:01:40]} 29. a4 {[%emt 0:01:17]} b5 {[%emt 0:
01:23]} 30. Nh7+ {[%emt 0:04:05]} Ke8 {[%emt 0:01:07]} 31. Nxh6 {[%emt 0:00:24]
} bxa4 {[%emt 0:00:44]} 32. Ng4 {[%emt 0:01:48]} Ke7 {[%emt 0:01:45]} 33. Nhf6
{[%emt 0:01:06]} Bc8 {[%emt 0:00:51]} 34. h3 {[%emt 0:00:56]} a3 {[%emt 0:01:
15]} 35. bxa3 {[%emt 0:01:17]} Rxa3 {[%emt 0:00:30]} 36. Be4 {[%emt 0:00:37]}
Rc3 {[%emt 0:01:02]} 37. Rd1 {[%emt 0:02:14]} a5 {[%emt 0:01:06]} 38. d5 {
[%emt 0:00:42]} Bxg4 {[%emt 0:00:33]} 39. Nxg4 {[%emt 0:00:20]} cxd5 {[%emt 0:
00:13]} 40. Bf3 {[%emt 0:00:28]} a4 {[%emt 0:01:03]} 41. Kf1 {[%emt 0:02:54]}
Rc5 {[%emt 0:02:18]} 42. Ra1 {[%emt 0:02:15]} Ra5 {[%emt 0:00:16]} 43. Bd1 {
[%emt 0:03:08]} a3 {[%emt 0:00:22]} 44. Bb3 {[%emt 0:00:23]} f5 {[%emt 0:02:33]
} 45. Nh6 {[%emt 0:08:53]} Kf6 {[%emt 0:00:50]} 46. g4 {[%emt 0:01:57]} Be5 {
[%emt 0:00:36]} 47. Ra2 {[%emt 0:01:26]} Rb8 {[%emt 0:00:16]} 48. Bxd5 { [%emt
0:01:47]} Rb2 {[%emt 0:00:15]} 49. Bg8 {[%emt 0:01:25]} Kg7 {[%emt 0:00: 49]}
50. g5 {[%emt 0:00:18]} f4 {[%emt 0:01:36]} 51. exf4 {[%emt 0:01:27]} Bxf4
{[%emt 0:00:14]} 52. h4 {[%emt 0:00:06]} Rxa2 {[%emt 0:02:20]} 53. Bxa2 { [%emt
0:00:07]} Rb5 {[%emt 0:00:15]} 54. Nf5+ {[%emt 0:01:23]} Rxf5 {[%emt 0: 00:19]}
0-1

[Event "DVM U14w 2018"]
[Site "Neumünster GER"]
[Date "2018.12.27"]
[Round "1"]
[White "Sinner, Joselyne"]
[Black "Doll, Rebecca"]
[Result "1-0"]
[Termination "normal"]
[Board "2.2"]
[WhiteElo "1518"]
[BlackElo "1764"]
[WhiteClock "00:27:05"]
[BlackClock "00:06:24"]
[WhiteTeam "SG Porz"]
[BlackTeam "OSG Baden-Baden"]
[PlyCount "53"]
[WhiteFideId "16210387"]
[BlackFideId "16236890"]
[EventCountry "GER"]
[EventRounds "7"]
[EventType "team-swiss"]
[EventDate "2018.12.26"]

1. e4 {[%emt 0:00:03]} e5 {[%emt 0:00:05]} 2. Nf3 {[%emt 0:00:04]} Nc6 { [%emt
0:00:06]} 3. Nc3 {[%emt 0:00:04]} Nf6 {[%emt 0:00:28]} 4. Bb5 {[%emt 0: 00:05]}
Bb4 {[%emt 0:15:19]} 5. O-O {[%emt 0:00:11]} O-O {[%emt 0:05:23]} 6. d3 {[%emt
0:00:06]} Re8 {[%emt 0:10:42]} 7. Bg5 {[%emt 0:03:10]} h6 {[%emt 0:15: 55]} 8.
Bh4 {[%emt 0:01:21]} a6 {[%emt 0:09:24]} 9. Ba4 {[%emt 0:02:04]} b5 { [%emt
0:00:50]} 10. Bb3 {[%emt 0:00:16]} Be7 {[%emt 0:01:31]} 11. Re1 {[%emt 0:
15:42]} Bb7 {[%emt 0:13:27]} 12. a3 {[%emt 0:03:53]} Nh7 {[%emt 0:00:38]} 13.
Bxe7 {[%emt 0:00:52]} Qxe7 {[%emt 0:01:14]} 14. Nd5 {[%emt 0:01:56]} Qd8 {
[%emt 0:00:24]} 15. c3 {[%emt 0:18:44]} d6 {[%emt 0:05:22]} 16. d4 {[%emt 0:05:
26]} Ng5 {[%emt 0:00:57]} 17. Nxg5 {[%emt 0:05:26]} hxg5 {[%emt 0:00:07]} 18.
Qh5 {[%emt 0:07:53]} Rf8 {[%emt 0:04:59]} 19. Re3 {[%emt 0:03:19]} Bc8 { [%emt
0:02:31]} 20. g4 {[%emt 0:04:19]} g6 {[%emt 0:01:29]} 21. Qh6 {[%emt 0: 00:03]}
Bxg4 {[%emt 0:00:31]} 22. Nxc7 {[%emt 0:00:19]} Qxc7 {[%emt 0:01:16]} 23. Qxg6+
{[%emt 0:00:10]} Kh8 {[%emt 0:00:05]} 24. Qh6+ {[%emt 0:00:14]} Kg8 { [%emt
0:00:11]} 25. Qxg5+ {[%emt 0:00:07]} Kh7 {[%emt 0:00:45]} 26. Qxg4 { [%emt
0:00:57]} Rg8 {[%emt 0:03:31]} 27. Rh3# {[%emt 0:00:06]} 1-0

[Event "DVM U14w 2018"]
[Site "Neumünster GER"]
[Date "2018.12.27"]
[Round "1"]
[White "Popovidou, Laura"]
[Black "Nanthivarman, Merymuthu"]
[Result "0-1"]
[Termination "normal"]
[Board "2.4"]
[WhiteElo "980"]
[BlackElo "1202"]
[WhiteClock "00:22:05"]
[BlackClock "00:20:25"]
[WhiteTeam "SG Porz"]
[BlackTeam "OSG Baden-Baden"]
[PlyCount "84"]
[WhiteFideId "16255836"]
[BlackFideId "16255755"]
[EventCountry "GER"]
[EventRounds "7"]
[EventType "team-swiss"]
[EventDate "2018.12.26"]

1. e4 {[%emt 0:00:02]} c5 {[%emt 0:00:06]} 2. Nc3 {[%emt 0:04:16]} Nc6 { [%emt
0:00:08]} 3. Bc4 {[%emt 0:01:53]} Nf6 {[%emt 0:01:02]} 4. d3 {[%emt 0:01: 09]}
g6 {[%emt 0:00:09]} 5. Nge2 {[%emt 0:01:09]} Bg7 {[%emt 0:00:12]} 6. O-O {
[%emt 0:04:36]} O-O {[%emt 0:00:12]} 7. h3 {[%emt 0:01:04]} d6 {[%emt 0:01:07]}
8. Be3 {[%emt 0:02:44]} b6 {[%emt 0:04:32]} 9. Qd2 {[%emt 0:05:11]} e6 { [%emt
0:00:55]} 10. d4 {[%emt 0:10:00]} cxd4 {[%emt 0:10:41]} 11. Nxd4 { [%emt
0:14:16]} Nxd4 {[%emt 0:01:14]} 12. Qxd4 {[%emt 0:00:47]} d5 {[%emt 0:07: 24]}
13. Bb5 {[%emt 0:06:09]} Nxe4 {[%emt 0:08:20]} 14. Qb4 {[%emt 0:01:59]} a5
{[%emt 0:08:48]} 15. Qa3 {[%emt 0:03:29]} Nxc3 {[%emt 0:02:01]} 16. bxc3 {
[%emt 0:00:33]} Qc7 {[%emt 0:04:17]} 17. Bd2 {[%emt 0:02:36]} Qc5 {[%emt 0:01:
16]} 18. Qxc5 {[%emt 0:00:41]} bxc5 {[%emt 0:00:19]} 19. Rab1 {[%emt 0:00:22]}
Rb8 {[%emt 0:00:41]} 20. a4 {[%emt 0:00:21]} Rd8 {[%emt 0:01:24]} 21. c4 {
[%emt 0:01:42]} dxc4 {[%emt 0:02:13]} 22. Bxa5 {[%emt 0:00:16]} Rd4 {[%emt 0:
04:36]} 23. c3 {[%emt 0:00:58]} Rd2 {[%emt 0:02:34]} 24. Bxc4 {[%emt 0:00:19]}
Ra8 {[%emt 0:00:52]} 25. Bc7 {[%emt 0:05:08]} Rxa4 {[%emt 0:07:27]} 26. Bb5 {
[%emt 0:03:29]} Raa2 {[%emt 0:02:47]} 27. Bg3 {[%emt 0:00:40]} Rab2 {[%emt 0:
01:34]} 28. Rxb2 {[%emt 0:01:05]} Rxb2 {[%emt 0:00:10]} 29. Bc6 {[%emt 0:00:44]
} Bxc3 {[%emt 0:01:17]} 30. Rd1 {[%emt 0:00:21]} Bf6 {[%emt 0:01:17]} 31. Bf4 {
[%emt 0:02:54]} c4 {[%emt 0:02:37]} 32. g4 {[%emt 0:00:44]} c3 {[%emt 0:00:30]}
33. Bc1 {[%emt 0:01:40]} c2 {[%emt 0:02:59]} 34. Re1 {[%emt 0:00:46]} Rb1 {
[%emt 0:01:06]} 35. f4 {[%emt 0:00:59]} Bb2 {[%emt 0:00:40]} 36. Bxb2 {[%emt 0:
00:47]} Rxe1+ {[%emt 0:00:10]} 37. Kf2 {[%emt 0:01:23]} c1=Q {[%emt 0:00:15]}
38. Bxc1 {[%emt 0:00:12]} Rxc1 {[%emt 0:00:03]} 39. Bf3 {[%emt 0:00:16]} Rc2+ {
[%emt 0:01:45]} 40. Be2 {[%emt 0:00:08]} Bb7 {[%emt 0:00:25]} 41. Ke3 {[%emt 0:
01:25]} Rc3+ {[%emt 0:00:22]} 42. Bd3 {[%emt 0:00:33]} Ba6 {[%emt 0:00:18]} 0-1

[Event "DVM U14w 2018"]
[Site "Neumünster GER"]
[Date "2018.12.27"]
[Round "1"]
[White "Schwegler, Jelena"]
[Black "Reuter, Elisa"]
[Result "1-0"]
[Termination "normal"]
[Board "3.1"]
[WhiteElo "1473"]
[BlackElo "1839"]
[WhiteClock "00:07:05"]
[BlackClock "00:01:49"]
[WhiteTeam "SK Bad Homburg"]
[BlackTeam "SG Leipzig"]
[PlyCount "75"]
[WhiteFideId "16225481"]
[BlackFideId "12995444"]
[EventCountry "GER"]
[EventRounds "7"]
[EventType "team-swiss"]
[EventDate "2018.12.26"]

1. e4 {[%emt 0:00:05]} c5 {[%emt 0:00:05]} 2. d4 {[%emt 0:00:05]} cxd4 { [%emt
0:00:04]} 3. c3 {[%emt 0:00:05]} Nf6 {[%emt 0:00:05]} 4. e5 {[%emt 0:00: 33]}
Nd5 {[%emt 0:00:04]} 5. cxd4 {[%emt 0:01:24]} e6 {[%emt 0:00:06]} 6. Nc3 {
[%emt 0:02:19]} Nxc3 {[%emt 0:00:06]} 7. bxc3 {[%emt 0:00:06]} Qc7 {[%emt 0:00:
02]} 8. Qc2 {[%emt 0:04:16]} b6 {[%emt 0:00:45]} 9. Bd3 {[%emt 0:01:59]} Bb7 {
[%emt 0:00:44]} 10. f4 {[%emt 0:01:04]} d6 {[%emt 0:01:54]} 11. Nh3 {[%emt 0:
08:15]} Be7 {[%emt 0:10:32]} 12. O-O {[%emt 0:01:42]} Nd7 {[%emt 0:02:07]} 13.
Ba3 {[%emt 0:16:32]} g6 {[%emt 0:05:57]} 14. Nf2 {[%emt 0:06:34]} f5 {[%emt 0:
03:24]} 15. exf6 {[%emt 0:01:32]} Nxf6 {[%emt 0:00:27]} 16. Rae1 {[%emt 0:02:
07]} Bc8 {[%emt 0:07:28]} 17. Ne4 {[%emt 0:05:53]} Nxe4 {[%emt 0:13:05]} 18.
Bxe4 {[%emt 0:00:51]} Rb8 {[%emt 0:01:00]} 19. Bf3 {[%emt 0:00:34]} O-O { [%emt
0:00:39]} 20. Bg4 {[%emt 0:00:28]} Rf6 {[%emt 0:00:31]} 21. Rf2 {[%emt 0:
01:24]} Kg7 {[%emt 0:02:39]} 22. Qd2 {[%emt 0:01:16]} Bf8 {[%emt 0:08:05]} 23.
Qe3 {[%emt 0:08:19]} Qf7 {[%emt 0:02:04]} 24. Qg3 {[%emt 0:03:56]} Kh8 { [%emt
0:03:07]} 25. Rfe2 {[%emt 0:02:26]} Rxf4 {[%emt 0:03:43]} 26. Bxe6 { [%emt
0:00:36]} Bxe6 {[%emt 0:02:16]} 27. Rxe6 {[%emt 0:00:24]} Rf1+ {[%emt 0:
12:21]} 28. Rxf1 {[%emt 0:00:11]} Qxe6 {[%emt 0:00:02]} 29. Re1 {[%emt 0:03:12]
} Qd7 {[%emt 0:01:30]} 30. Qe3 {[%emt 0:04:58]} Rc8 {[%emt 0:02:01]} 31. d5 {
[%emt 0:07:35]} Qc7 {[%emt 0:01:47]} 32. Qe6 {[%emt 0:01:28]} b5 {[%emt 0:09:
16]} 33. Kh1 {[%emt 0:05:12]} a5 {[%emt 0:02:29]} 34. h3 {[%emt 0:01:44]} Rb8 {
[%emt 0:04:15]} 35. Rf1 {[%emt 0:00:59]} Qxc3 {[%emt 0:01:58]} 36. Bxd6 { [%emt
0:01:13]} Bxd6 {[%emt 0:00:19]} 37. Qxd6 {[%emt 0:00:07]} Re8 {[%emt 0: 00:34]}
38. Rf8+ {[%emt 0:00:40]} 1-0

[Event "DVM U14w 2018"]
[Site "Neumünster GER"]
[Date "2018.12.27"]
[Round "1"]
[White "Oswald, Hannah"]
[Black "Goetz, Fenja"]
[Result "1-0"]
[Termination "normal"]
[Board "3.2"]
[WhiteElo "1613"]
[BlackElo "1465"]
[WhiteClock "00:06:06"]
[BlackClock "00:00:59"]
[WhiteTeam "SG Leipzig"]
[BlackTeam "SK Bad Homburg"]
[PlyCount "73"]
[WhiteFideId "16214960"]
[BlackFideId "16250516"]
[EventCountry "GER"]
[EventRounds "7"]
[EventType "team-swiss"]
[EventDate "2018.12.26"]

1. e4 {[%emt 0:00:02]} c5 {[%emt 0:00:06]} 2. Nf3 {[%emt 0:00:08]} Nc6 { [%emt
0:00:04]} 3. d4 {[%emt 0:00:11]} cxd4 {[%emt 0:00:06]} 4. Nxd4 {[%emt 0:
00:10]} g6 {[%emt 0:00:07]} 5. Nc3 {[%emt 0:00:37]} Bg7 {[%emt 0:00:09]} 6. Be3
{[%emt 0:00:15]} d6 {[%emt 0:00:24]} 7. Qd2 {[%emt 0:00:19]} Bd7 {[%emt 0:00:
50]} 8. f3 {[%emt 0:11:39]} a6 {[%emt 0:11:35]} 9. Bc4 {[%emt 0:11:22]} Rc8 {
[%emt 0:10:10]} 10. Bb3 {[%emt 0:01:51]} b5 {[%emt 0:07:22]} 11. Nd5 {[%emt 0:
22:57]} Nf6 {[%emt 0:21:17]} 12. Nc3 {[%emt 0:13:16]} Na5 {[%emt 0:01:48]} 13.
Bh6 {[%emt 0:04:23]} O-O {[%emt 0:04:27]} 14. O-O-O {[%emt 0:04:19]} Nxb3+ {
[%emt 0:02:22]} 15. Nxb3 {[%emt 0:01:04]} Re8 {[%emt 0:04:14]} 16. Bxg7 { [%emt
0:00:38]} Kxg7 {[%emt 0:00:06]} 17. g4 {[%emt 0:01:21]} b4 {[%emt 0:05: 22]}
18. Ne2 {[%emt 0:02:53]} Qb6 {[%emt 0:07:15]} 19. Kb1 {[%emt 0:03:07]} Bb5
{[%emt 0:05:44]} 20. h4 {[%emt 0:04:22]} Bc4 {[%emt 0:07:53]} 21. h5 {[%emt 0:
01:24]} h6 {[%emt 0:07:18]} 22. hxg6 {[%emt 0:00:20]} Rh8 {[%emt 0:00:29]} 23.
gxf7 {[%emt 0:01:11]} Bxf7 {[%emt 0:00:03]} 24. g5 {[%emt 0:00:40]} Ng8 { [%emt
0:01:01]} 25. gxh6+ {[%emt 0:00:32]} Rxh6 {[%emt 0:00:26]} 26. Rxh6 { [%emt
0:01:13]} Nxh6 {[%emt 0:00:06]} 27. Rg1+ {[%emt 0:00:55]} Kh7 {[%emt 0: 00:38]}
28. Rh1 {[%emt 0:02:19]} d5 {[%emt 0:00:28]} 29. exd5 {[%emt 0:00:53]} Rd8
{[%emt 0:00:35]} 30. Nf4 {[%emt 0:02:01]} e5 {[%emt 0:00:50]} 31. Qd3+ { [%emt
0:01:35]} Kg8 {[%emt 0:01:09]} 32. Ne6 {[%emt 0:02:12]} Bxe6 {[%emt 0:00: 02]}
33. Rxh6 {[%emt 0:00:40]} Qg1+ {[%emt 0:00:17]} 34. Nc1 {[%emt 0:00:07]} Bxd5
{[%emt 0:00:51]} 35. Rg6+ {[%emt 0:00:39]} Qxg6 {[%emt 0:01:15]} 36. Qxg6+
{[%emt 0:00:06]} Kf8 {[%emt 0:00:47]} 37. Qxa6 {[%emt 0:01:07]} 1-0